000
00259nam a22001217a 4500
008
170307b xxu||||| |||| 00| 0 eng d
041
_a
eng
080
_2
11th
_a
611
100
_a
6
101
_a
shm
245
_a
HUMAN ANATOMY
_c
SCHAFFER, J.P
942
_2
udc
_c
BK
999
_c
6935
_d
6935